00543nam a2200145Ia 4500008004100000040001800041041000800059245011700067260007900184300001700263490003200280504002700312650002700339650003100366130821s1995 ck gr spa  aCo-BoUCMbspa aspa aElementos para construir una didáctica de la función avance de investigacióncGloria García . . [et al] aBogotá (Cundinamarca, Colombia)bUniversidad Pedagógica Nacionalc1995 a16 páginas aPedagógica Nacional, 1995 aIncluye bibliografía04aFuncionesxEnseñanza04aMatemáticasxEnseñanza